000 00306nam a2200121Ia 4500
008 190723s9999 xx 000 0 und d
020 _a978-0-230-28359-6
100 _aJavier Estrada
245 4 _aThe Essential Financial Toolkit
260 _aUk
_bPalgrave MacMillan
_c2011
300 _a183.:p
942 _cBK
999 _c1651
_d1651